|
|
|
|
| LEADER |
02068nam a2200373 u 4500 |
| 001 |
10003927 |
| 003 |
upatras |
| 005 |
20210117203559.0 |
| 008 |
881025s1995 us eng |
| 020 |
|
|
|a 0471308234
|
| 040 |
|
|
|a GR-PaULI
|c GR-PaULI
|
| 041 |
0 |
|
|a eng
|
| 082 |
0 |
4 |
|a 596.04
|
| 100 |
1 |
|
|a Hildebrand, Milton
|9 111618
|
| 245 |
1 |
0 |
|a Analysis of vertebrate structure
|c Milton Hildebrand
|
| 250 |
|
|
|a 4th ed.
|
| 260 |
|
|
|a New York
|b John Wiley & Sons
|c 1995
|
| 300 |
|
|
|a xiii, 657 p.
|b fig.
|c 23 cm.
|
| 504 |
|
|
|a Includes index
|
| 650 |
|
4 |
|a Ζωολογία
|x Σπονδυλωτά
|9 30260
|
| 650 |
|
4 |
|a Σπονδυλωτά
|x Ανατομία
|9 5834
|
| 852 |
|
|
|a GR-PaULI
|b ΠΑΤΡΑ
|b ΒΚΠ
|b ΒΣ1
|k ΑΣΧΞ
|h 596.04 H
|m 15705
|p 025000069087
|t 3
|
| 852 |
|
|
|a GR-PaULI
|b ΠΑΤΡΑ
|b ΒΚΠ
|b ΒΣ1
|k ΑΣΧΞ
|h 596.04 H
|m 15706
|p 025000056105
|t 4
|
| 852 |
|
|
|a GR-PaULI
|b ΠΑΤΡΑ
|b ΒΚΠ
|b ΒΣ1
|k ΑΣΧΞ
|h 596.04 H
|m 21263
|p 025000056863
|t 5
|
| 852 |
|
|
|a GR-PaULI
|b ΠΑΤΡΑ
|b ΒΚΠ
|b ΒΣ1
|k ΑΣΧΞ
|h 596.04 HIL
|m 15703
|p 025000006581
|t 1
|
| 852 |
|
|
|a GR-PaULI
|b ΠΑΤΡΑ
|b ΒΚΠ
|b ΒΣ1
|k ΑΣΧΞ
|h 596.04 HIL
|m 15704
|p 025000006580
|t 2
|
| 942 |
|
|
|2 ddc
|c BK15
|
| 952 |
|
|
|0 0
|1 0
|2 ddc
|4 0
|6 596_040000000000000_H
|7 0
|9 119300
|a LISP
|b LISP
|c ALFc
|d 2016-04-24
|i 15705
|l 0
|o 596.04 H
|p 025000069087
|r 2016-04-24 00:00:00
|t 3
|w 2016-04-24
|y BK15
|
| 952 |
|
|
|0 0
|1 0
|2 ddc
|4 0
|6 596_040000000000000_H
|7 0
|9 119301
|a LISP
|b LISP
|c ALFc
|d 2016-04-24
|i 15706
|l 0
|o 596.04 H
|p 025000056105
|r 2016-04-24 00:00:00
|t 4
|w 2016-04-24
|y BK15
|
| 952 |
|
|
|0 0
|1 0
|4 0
|6 596_040000000000000_H
|7 0
|9 119302
|a LISP
|b LISP
|c BSC
|d 2016-04-24
|i 21263
|l 1
|m 1
|o 596.04 H
|p 025000056863
|r 2017-09-22 00:00:00
|s 2017-08-24
|t 5
|w 2016-04-24
|y BK15
|
| 952 |
|
|
|0 0
|1 0
|4 0
|6 596_040000000000000_HIL
|7 0
|9 119303
|a LISP
|b LISP
|c BSC
|d 2016-04-24
|i 15703
|l 0
|o 596.04 HIL
|p 025000006581
|r 2016-04-24 00:00:00
|t 1
|w 2016-04-24
|y BK15
|
| 952 |
|
|
|0 0
|1 0
|4 0
|6 596_040000000000000_HIL
|7 0
|9 119304
|a LISP
|b LISP
|c BSC
|d 2016-04-24
|i 15704
|l 0
|o 596.04 HIL
|p 025000006580
|r 2016-04-24 00:00:00
|t 2
|w 2016-04-24
|y BK15
|
| 998 |
|
|
|c ΑΒΑΚΟΜΙΔΗ
|d 2002-06
|
| 999 |
|
|
|c 79214
|d 79214
|